| 000 | 00557nam a2200145 i 4500 | ||
|---|---|---|---|
| 001 | 91457 | ||
| 003 | ES-MaACL | ||
| 005 | 20230906180727.0 | ||
| 007 | t| | ||
| 008 | 050131m19531954sp ||||1| spa d | ||
| 245 | 0 | 0 |
_aLey de 15 de julio de 1952, para la adjudicación de destinos o empleos civiles a Oficiales de la Escala Auxiliar... de los Ejércitos _b: apéndices legislativos julio 1952-agosto 1953 y septiembre 1953-sept. 1954. |
| 260 |
_a[S.l. : _bs.n., _c1953-54] |
||
| 300 |
_a3 v. ; _c18 cm. |
||
| 852 |
_aES-MaACL _j1955-F-13-14-15 _bR.33143, 35391 |
||
| 999 |
_c91457 _d91457 |
||